[Event "Novosibirsk Sukharev Memorial op"]
[Site "Novosibirsk"]
[Date "2011.07.25"]
[Round "8"]
[White "Giliazitdinov, Edward"]
[Black "Zaichenko, Daria"]
[Result "0-1"]
[WhiteElo "2073"]
[BlackElo "2134"]
[PlyCount "88"]
[EventDate "2011.07.18"]
[EventType "swiss"]
[EventRounds "9"]
[EventCountry "RUS"]
[SourceTitle "EXT 2012"]
[Source "ChessBase"]
[SourceDate "2011.11.24"]
[SourceVersion "1"]
[SourceVersionDate "2011.11.24"]
[SourceQuality "1"]

1. e4 e6 2. d4 d5 3. e5 c5 4. c3 Nc6 5. Nf3 Bd7 6. Be2 Nge7 7. 0-0 cxd4 8. cxd4 Nf5 9. Nc3 Be7 10. Kh1 Rc8 11. g4 Nh4 12. Nxh4 Bxh4 13. g5 Bxg5 14. Bxg5 Qxg5 15. f4 Qh4 16. Nb5 0-0 17. Nd6 Rb8 18. Qd2 f6 19. Rg1 fxe5 20. Rg4 Qh6 21. Rag1 g6 22. dxe5 Nxe5 23. Rg5 Nf7 24. Nxf7 Rxf7 25. f5 exf5 26. Rxg6+ Qxg6 27. Bf3 Bc6 28. Rxg6+ hxg6 29. Kg1 Rd8 30. Qd4 a6 31. h4 Rd6 32. Kf2 Kh7 33. h5 g5 34. Qe5 Rdf6 35. Bxd5 Bxd5 36. Qxd5 Kh6 37. Kg3 Kxh5 38. Qh1+ Kg6 39. Qh8 Rf8 40. Qh1 f4+ 41. Kg4 f3 42. Qb1+ Kg7 43. Kxg5 f2 44. Qf1 Rg6+ 0-1

[Event "Novosibirsk Sukharev Memorial op"]
[Site "Novosibirsk"]
[Date "2011.07.21"]
[Round "4"]
[White "Giliazitdinov, Edward"]
[Black "Vshivkov, Vitaly"]
[Result "1-0"]
[WhiteElo "2073"]
[BlackElo "1833"]
[PlyCount "31"]
[EventDate "2011.07.18"]
[EventType "swiss"]
[EventRounds "9"]
[EventCountry "RUS"]
[SourceTitle "EXT 2012"]
[Source "ChessBase"]
[SourceDate "2011.11.24"]
[SourceVersion "1"]
[SourceVersionDate "2011.11.24"]
[SourceQuality "1"]

1. e4 e5 2. Nf3 Nc6 3. Nc3 d6 4. d4 exd4 5. Nxd4 Bd7 6. Be3 g6 7. Qd2 Bg7 8. 0-0-0 Nge7 9. Nxc6 bxc6 10. Bd4 0-0 11. Bxg7 Kxg7 12. Qd4+ Kg8 13. h4 c5 14. Qf6 Nc6 15. Nd5 Rc8 16. Bb5 1-0

[Event "Novosibirsk Sukharev Memorial op"]
[Site "Novosibirsk"]
[Date "2011.07.19"]
[Round "2"]
[White "Giliazitdinov, Edward"]
[Black "Yakushev, Nikolai"]
[Result "0-1"]
[WhiteElo "2073"]
[BlackElo "2173"]
[PlyCount "65"]
[EventDate "2011.07.18"]
[EventType "swiss"]
[EventRounds "9"]
[EventCountry "RUS"]
[SourceTitle "EXT 2012"]
[Source "ChessBase"]
[SourceDate "2011.11.24"]
[SourceVersion "1"]
[SourceVersionDate "2011.11.24"]
[SourceQuality "1"]

1. e4 e5 2. Nf3 Nf6 3. Nxe5 d6 4. Nf3 Nxe4 5. Nc3 Nf6 6. h3 Be7 7. d4 0-0 8. Bd3 Re8 9. Be3 c6 10. Qd2 Qa5 11. 0-0-0 Be6 12. Kb1 Na6 13. Nd5 Qxd5 14. c4 Ne4 15. Qc2 Qa5 16. Bxe4 Nb4 17. Qb3 d5 18. cxd5 Nxd5 19. a3 Nf6 20. Qc2 Nxe4 21. g4 Qd5 22. Kc1 Nc3 23. Qxc3 Qxf3 24. Rhg1 Bd6 25. Qd2 Bd5 26. h4 Re4 27. Rde1 Rxg4 28. Rxg4 Qxg4 29. f3 Qf5 30. Rg1 Ba2 31. Qc3 Bf4 32. Bxf4 Qxf4+ 33. Kc2 0-1

[Event "Novosibirsk Region-ch"]
[Site "Novosibirsk"]
[Date "2009.12.09"]
[Round "7"]
[White "Giliazitdinov, Edward"]
[Black "Dzhumagaliev, Yan"]
[Result "0-1"]
[WhiteElo "2042"]
[BlackElo "2354"]
[PlyCount "96"]
[EventDate "2009.12.04"]
[EventType "swiss"]
[EventRounds "9"]
[EventCountry "RUS"]
[SourceTitle "EXT 2011"]
[Source "ChessBase"]
[SourceDate "2010.11.26"]
[SourceVersion "1"]
[SourceVersionDate "2010.11.26"]
[SourceQuality "1"]

1. e4 Nc6 2. Nf3 e6 3. d3 d5 4. Nbd2 Nf6 5. g3 Bc5 6. Bg2 dxe4 7. dxe4 e5 8. 0-0 Be6 9. c3 h6 10. b4 Bd6 11. Qe2 a6 12. Nc4 0-0 13. Rd1 Qe7 14. Nh4 Bxc4 15. Qxc4 Qe6 16. Qe2 Rfd8 17. Nf5 Bf8 18. Be3 Kh7 19. Qf3 Rxd1+ 20. Rxd1 Rd8 21. Rxd8 Nxd8 22. Qd1 Nc6 23. Qd2 Ng4 24. f3 Nxe3 25. Nxe3 a5 26. Nd5 axb4 27. cxb4 Nxb4 28. h4 Na6 29. Kh2 Qd6 30. Qa5 c6 31. Ne3 Qd4 32. Nf5 Qc5 33. Qd8 g6 34. Ne3 h5 35. Nd1 b5 36. g4 hxg4 37. fxg4 Be7 38. Qe8 Kg7 39. h5 gxh5 40. gxh5 Bg5 41. Bf3 Nc7 42. h6+ Bxh6 43. Qd8 Ne6 44. Qh4 Bf4+ 45. Kh3 Ng5+ 46. Kg4 Qg1+ 47. Kf5 Nxf3 48. Qf6+ Kg8 0-1